Biblioteca Fatec Adamantina

Programa de direito do consumidor / (Registro n. 178)

Detalhes MARC
000 -LEADER
fixed length control field 00755nam a22002657a 4500
003 - CONTROL NUMBER IDENTIFIER
control field OSt
005 - DATE AND TIME OF LATEST TRANSACTION
control field 20250218201845.0
007 - PHYSICAL DESCRIPTION FIXED FIELD--GENERAL INFORMATION
fixed length control field ta
008 - FIXED-LENGTH DATA ELEMENTS--GENERAL INFORMATION
fixed length control field 250218b bl ||||| |||| 00| 0 por d
020 ## - INTERNATIONAL STANDARD BOOK NUMBER
International Standard Book Number 9788522490783
Qualifying information (encad.)
040 ## - CATALOGING SOURCE
Language of cataloging por
Transcribing agency OSt
041 0# - LANGUAGE CODE
Language code of text/sound track or separate title por
Language code of original por
082 ## - DEWEY DECIMAL CLASSIFICATION NUMBER
Classification number 342.5
Item number C377p
100 1# - MAIN ENTRY--PERSONAL NAME
Personal name Cavalieri Filho, Sergio
Dates associated with a name 1939-
9 (RLIN) 234
210 ## - ABBREVIATED TITLE
Source Programa de direito do consumidor
245 10 - TITLE STATEMENT
Title Programa de direito do consumidor /
250 ## - EDITION STATEMENT
Edition statement 4. ed.
260 ## - PUBLICATION, DISTRIBUTION, ETC.
Place of publication, distribution, etc. São Paulo :
Name of publisher, distributor, etc. Atlas,
Date of publication, distribution, etc. 2014.
300 ## - PHYSICAL DESCRIPTION
Extent 446 p. :
Dimensions 24,5 cm
500 ## - GENERAL NOTE
General note Inclui índice.
504 ## - BIBLIOGRAPHY, ETC. NOTE
Bibliography, etc. note Bibliografia: p. 430-434
650 04 - SUBJECT ADDED ENTRY--TOPICAL TERM
Topical term or geographic name entry element Consumidores-Leis e legislação-Brasil
650 04 - SUBJECT ADDED ENTRY--TOPICAL TERM
Topical term or geographic name entry element Consumidores-Proteção-Brasil
942 ## - ADDED ENTRY ELEMENTS (KOHA)
Source of classification or shelving scheme Dewey Decimal Classification
Koha item type LIVRO
Edition 4. ed.
Suppress in OPAC No
Exemplares
Withdrawn status Lost status Source of classification or shelving scheme Damaged status Not for loan Home library Current library Date acquired Total checkouts Full call number Barcode Date last seen Copy number Price effective from Koha item type
    Dewey Decimal Classification     Biblioteca Fatec Adamantina Biblioteca Fatec Adamantina 18.02.2025   342.5 - C377p 2025-1111 18.02.2025 ex.1 18.02.2025 LIVRO
    Dewey Decimal Classification     Biblioteca Fatec Adamantina Biblioteca Fatec Adamantina 18.02.2025   342.5 - C377p 2025-1112 18.02.2025 ex.2 18.02.2025 LIVRO
    Dewey Decimal Classification     Biblioteca Fatec Adamantina Biblioteca Fatec Adamantina 18.02.2025   342.5 - C377p 2025-1113 18.02.2025 ex.3 18.02.2025 LIVRO
    Dewey Decimal Classification     Biblioteca Fatec Adamantina Biblioteca Fatec Adamantina 18.02.2025   342.5 - C377p 2025-1114 18.02.2025 ex.4 18.02.2025 LIVRO
    Dewey Decimal Classification     Biblioteca Fatec Adamantina Biblioteca Fatec Adamantina 18.02.2025   342.5 - C377p 2025-1115 18.02.2025 ex.5 18.02.2025 LIVRO

Para mais informações envie um e-mail para [email protected].